A critical analysis of Wang Ji's poetry = Wang Ji shi lun xi /
محفوظ في:
| المؤلف الرئيسي: | |
|---|---|
| التنسيق: | أطروحة كتاب |
| اللغة: | Chinese |
| منشور في: |
1994.
|
| الموضوعات: | |
| الوسوم: |
إضافة وسم
لا توجد وسوم, كن أول من يضع وسما على هذه التسجيلة!
|
| LEADER | 00940cam a2200265 a 4500 | ||
|---|---|---|---|
| 001 | u377914 | ||
| 003 | SIRSI | ||
| 008 | 950728s1994 si v 00 1 chi m | ||
| 035 | |a ABW-8081 | ||
| 040 | |a UMM | ||
| 041 | |a chi |b eng | ||
| 090 | |a PL2677 |b W265ZTye | ||
| 100 | 1 | 0 | |a Tye, Seck Moy. |
| 245 | 1 | 2 | |a A critical analysis of Wang Ji's poetry = |b Wang Ji shi lun xi / |c by Tye Seck Moy. |
| 260 | |c 1994. | ||
| 300 | |a vi, 108 leaves ; |c 30 cm. | ||
| 500 | |a Text in Chinese with summary in English. | ||
| 502 | |a Dissertation (M.A.) -- National University of Singapore, 1994. | ||
| 504 | |a Bibliography: leaves 106-108. | ||
| 600 | 1 | 0 | |a Wang, Chi, |d 585-644 |x Criticism and interpretation. |
| 650 | 0 | |a Chinese poetry |y Tang dynasty, 618-907 |x History and criticism. | |
| 740 | 0 | 0 | |a Wang Ji shi lun xi. |
| 948 | |a 28/07/1995 |b 14/08/2002 | ||
| 596 | |a 1 | ||
| 999 | |a PL2677 W265ZTYE |w LC |c 1 |i A504975157 |d 11/12/1997 |l STACKS |m P01UTAMA |n 1 |r Y |s Y |t TESIS |u 29/8/1995 | ||
